000
00324nam a22001457a 4500
003
SGT
082
_a
611
_b
T12K
100
_a
KANNAN, K. ,Ed
245
_a
A TEXT BOOK OF MEDICAL JURISPRUDENCE AND TOXICOLOGY
250
_a
24TH
260
_a
DELHI
_b
LEXIS NEXIS
_c
2012
300
_a
591
650
_a
ANATOMY
942
_2
ddc
_c
BK
999
_c
8482
_d
8482